| 000 | 01708cam a2200169 4500500 | ||
|---|---|---|---|
| 005 | 20260208010918.0 | ||
| 041 | _afre | ||
| 042 | _adc | ||
| 100 | 1 | 0 |
_aLabia, Julien _eauthor |
| 245 | 0 | 0 | _aPaulo de Assis (éd.), Experimental Affinities in Music, Louvain, Leuven University Press, coll. « Orpheus Institute Series », 2016, 252 p., 45 €. |
| 260 | _c2017. | ||
| 500 | _a87 | ||
| 520 | _aEn hommage à Jean-François Mattéi, décédé brutalement en mars 2014, on cherche à dégager le ressort de son œuvre, placée sous le signe de la répétition et du retour : répétition de la question de l’être, mouvement d’exil et de retour de l’âme du philosophe, à l’image des mouvements ascendants puis descendants que met en scène le mythe platonicien de la caverne. Ce thème a une provenance mythique : pour Mattéi, Ulysse semble bien l’archétype du philosophe, et l’Odyssée le modèle de la philosophie. | ||
| 520 | _aA tribute to philosopher Jean-François Mattéi, who suddenly passed away in March 2014, this paper intends to identify the impetus for his work, in which repetition and return have pride of place: the repetition of the question of being, the wanderings of the philosopher’s soul, modelled after the ascent and descent depicted by the Platonist myth of the Cave. Such a theme has a mythical origin: according to Mattéi, Ulysses indeed seems to be the archetype of the philosopher, and the Odyssey the model for philosophy. | ||
| 786 | 0 | _nRevue philosophique de la France et de l'étranger | 142 | 2 | 2017-04-20 | p. 229zk-294zk | 0035-3833 | |
| 856 | 4 | 1 | _uhttps://shs.cairn.info/revue-philosophique-2017-2-page-229zk?lang=fr&redirect-ssocas=7080 |
| 999 |
_c1658842 _d1658842 |
||